| 000 | 00544 a2200205 4500 | ||
|---|---|---|---|
| 001 | 131324 | ||
| 003 | OSt | ||
| 005 | 20210910172222.0 | ||
| 008 | |||
| 020 | _a9780230226463 | ||
| 082 |
_a338.544 _bM89E |
||
| 100 | 1 | _aMulhearn, Chris | |
| 245 | 1 |
_aEconomics for business _cby Chris Mulhearn, Howard R. Vane and James Eden |
|
| 260 |
_aNew york _bPalgrave macmillan _c2008 |
||
| 300 | _a417p. | ||
| 690 | _aBusiness economics | ||
| 700 | _aVane, Howard R. | ||
| 700 | _aEden, James | ||
| 942 |
_2ddc _cBK |
||
| 999 |
_c5844 _d5844 |
||